000
00297nam a22001337a 4500
008
170713b xxu||||| |||| 00| 0 eng d
020
_a
2900073535875
041
_a
eng
080
_a
101
100
_a
24
101
_a
FIL
245
_a
THE PHILOSOPHICAL JOURNEY
_c
LAWHEAD, W.F
942
_2
udc
_c
BK
999
_c
20492
_d
20492